000 00979nam0a22002771 4500
001 rc\364078
005 20260405231914.0
010 _a5-7455-0171-5
_97000
035 _a(NLR Aleph) 005594691
090 _a6249328
_c6249328
100 _a20030307d1989 |||y0rusy50 ca
101 0 _arus
102 _aRU
105 _aa |||||||||
200 1 _aПервичная глаукома, иммунитет и старение
210 _aВоронеж
_cИзд-во Воронеж. ун-та
_d1989
215 _a125, [2] с.
_cил.
_d20
320 _aБиблиогр.: с. 116-126 (196 назв.)
700 1 _aСтукалов
_bС.Е.
_gСергей Ефимович
701 1 _8rus
_7ca
_aЗахарова
_bИ. А.
_cд-р мед. наук, глаз. болезни
_gИрина Александровна
_3RU\NLR\AUTH\77105756
_988681
801 0 _aRU
_bNLR
_gpsbo
801 1 _aRU
_bELAR
_2rusmarc
852 _aNLR
_j89-3/3659
942 _cBOOK
980 _aNB